000 00328nam a22001337a 4500
008 260403b ||||| |||| 00| 0 eng d
020 _a9789951623001
041 _aeng
080 _a351.74
100 _a23
101 _aMenaxhim
245 _aSistemi i Menaxhimit të Krizave
_cBejtush Gashi, Xhelal Jusufi
942 _2udc
_cBK
999 _c60961
_d60961